ბათუმის შოთა რუსთაველის სახელმწიფო უნივერსიტეტის ბიბლიოთეკა

Negotation. (ბიბ.ჩანაწერი № 45131)

000 -LEADER
fixed length control field 00516nam a2200229Ia 4500
001 - CONTROL NUMBER
control field 11954
003 - CONTROL NUMBER IDENTIFIER
control field GE_BSU
008 - FIXED-LENGTH DATA ELEMENTS--GENERAL INFORMATION
fixed length control field 181216s||||||||xx |||||||||||||| ||und||
020 ## - INTERNATIONAL STANDARD BOOK NUMBER
International Standard Book Number 9780073381206
020 ## - INTERNATIONAL STANDARD BOOK NUMBER
Terms of availability 303Gel.
040 ## - CATALOGING SOURCE
Transcribing agency GE_BSU
080 ## - UNIVERSAL DECIMAL CLASSIFICATION NUMBER
Universal Decimal Classification number 327
100 ## - MAIN ENTRY--PERSONAL NAME
Personal name Lewicki, Roy,David Saunders, Bruce Barry
245 ## - TITLE STATEMENT
Title Negotation.
250 ## - EDITION STATEMENT
Edition statement Edition 6
260 ## - PUBLICATION, DISTRIBUTION, ETC.
Place of publication, distribution, etc. Boston
260 ## - PUBLICATION, DISTRIBUTION, ETC.
Name of publisher, distributor, etc. McGraw-Hill Higher Education
260 ## - PUBLICATION, DISTRIBUTION, ETC.
Date of publication, distribution, etc. 2010
300 ## - PHYSICAL DESCRIPTION
Extent 632p.23cm.
653 ## - INDEX TERM--UNCONTROLLED
Uncontrolled term Negotation.
942 ## - ADDED ENTRY ELEMENTS (KOHA)
Koha item type წიგნი
ეგზემპლარები
Withdrawn status Lost status Damaged status Not for loan Date acquired Barcode Date last seen Price effective from Koha item type
        2018-12-17 35945 2018-12-17 2018-12-17 წიგნი